LEADER 00933nam a22002411i 4500 001 991004114979707536 005 20031006093956.0 008 031111s1976 xxua||||||||||||||||eng 035 $ab12523859-39ule_inst 035 $aARCHE-055712$9ExL 040 $aDip.to Lingue$bita$cA.t.i. Arché s.c.r.l. Pandora Sicilia s.r.l. 082 04$a031 245 04$aThe Americana annual :$ban encyclopedia of the events of 1975, yearbook of the Encyclopedia americana 260 $a[S.l.] :$bGrolier incorporated,$c1976 300 $a624 p. :$bill. ;$c26 cm 500 $aAnnale 650 4$aLingua inglese$xEnciclopedie e dizionari 907 $a.b12523859$b02-04-14$c13-11-03 912 $a991004114979707536 945 $aLE012 REF 031 AME Y2$g1$i2012000245457$lle012$o-$pE0.00$q-$rn$so $t0$u0$v0$w0$x0$y.i12965947$z13-11-03 996 $aAmericana annual$9174703 997 $aUNISALENTO 998 $ale012$b13-11-03$cm$da $e-$feng$gxxu$h4$i1 LEADER 01700nam 2200469 a 450 001 9910701254903321 005 20120109104229.0 035 $a(CKB)5470000002416508 035 $a(OCoLC)771923797 035 $a(EXLCZ)995470000002416508 100 $a20120109d2005 ua 0 101 0 $aeng 135 $aurcn||||||||| 181 $ctxt$2rdacontent 182 $cc$2rdamedia 183 $acr$2rdacarrier 200 00$aSmall aircraft transportation system, higher volume operations concept$b[electronic resource] $eoff-nominal operations /$fTerence S. Abbott ... [and others] 210 1$aHampton, Va. :$cNational Aeronautics and Space Administration, Langley Research Center,$d[2005] 215 $a1 online resource (iv, 26 pages) $cillustrations (come color) 225 1 $aNASA/TM ;$v2005-213914 300 $aTitle from title screen (viewed on Jan. 9, 2012). 300 $a"September 2005." 320 $aIncludes bibliographical references (page 26). 517 $aSmall aircraft transportation system, higher volume operations concept 606 $aAir traffic control$2nasat 606 $aFlight operations$2nasat 606 $aAirspace$2nasat 606 $aAirports$2nasat 606 $aInstrument flight rules$2nasat 615 7$aAir traffic control. 615 7$aFlight operations. 615 7$aAirspace. 615 7$aAirports. 615 7$aInstrument flight rules. 701 $aAbbott$b Terence S$01389320 712 02$aLangley Research Center. 801 0$bGPO 801 1$bGPO 906 $aBOOK 912 $a9910701254903321 996 $aSmall aircraft transportation system, higher volume operations concept$93490584 997 $aUNINA LEADER 01033nam a2200289 i 4500 001 991001760029707536 005 20250114161600.0 008 000704s1977 it er 001 0 ita d 035 $ab10268881-39ule_inst 035 $aEXGIL91034$9ExL 040 $aBiblioteca Interfacoltà$bita$dSocioculturale Scs 041 0 $aita 082 04$a301.44$223 100 1 $aCongi, Gaetano$0144749 245 12$aL'altra Roma :$bclasse operaia e sviluppo industriale nella capitale /$cGaetano Congi 260 $aBari :$bDe Donato,$c1977 300 $a256 :$bill. ;$c22 cm 490 1 $aMovimento operaio ;$v41 650 4$aProletariato$zRoma$y1945-1970 650 4$aSviluppo economico$zRoma$y1945-1970 830 0$aMovimento operaio ;$v41 907 $a.b10268881$b17-02-17$c27-06-02 912 $a991001760029707536 945 $aLE002 Dir. V A 11$g1$i2002000478061$lle002$o-$pE0.00$q-$rl$s-$t0$u0$v0$w0$x0$y.i10320234$z27-06-02 996 $aAltra Roma$9211901 997 $aUNISALENTO 998 $ale002$b01-01-00$cm$da$e-$fita$git$h2$i1